ZESCO Newsletter: Kariba North extension officially launched (Record no. 83440)
[ view plain ]
| 000 -LEADER | |
|---|---|
| fixed length control field | 00795nam a2200145 a 4500 |
| 008 - FIXED-LENGTH DATA ELEMENTS--GENERAL INFORMATION | |
| fixed length control field | 090811s2009 ||||||||||||||||| || u |
| 050 ## - LIBRARY OF CONGRESS CALL NUMBER | |
| Classification number | ZESCO(05) |
| 245 00 - TITLE STATEMENT | |
| Title | ZESCO Newsletter: Kariba North extension officially launched |
| Statement of responsibility, etc. | ZESCO Ltd |
| 260 ## - PUBLICATION, DISTRIBUTION, ETC. | |
| Place of publication, distribution, etc. | Lusaka |
| Name of publisher, distributor, etc. | ZESCO Ltd |
| Date of publication, distribution, etc. | 2009 |
| 300 ## - PHYSICAL DESCRIPTION | |
| Extent | 24p. ;ill. |
| 350 ## - | |
| -- | 0.00 |
| 995 ## - | |
| -- | SPECIAL COLLECTIONS |
| -- | 0.00 |
| -- | 03004427 |
| -- | CBU-MAIN LIBRARY (Kitwe) |
| -- | 1 |
| -- | 0.00 |
| -- | ZESCO(05)09B |
| -- | 2 |
| -- | AVAILABLE |
| -- | Aug 31, 2009 |
| -- | Z03004427 |
| -- | Zambiana Collection |
| 995 ## - | |
| -- | SPECIAL COLLECTIONS |
| -- | 0.00 |
| -- | 03004428 |
| -- | CBU-MAIN LIBRARY (Kitwe) |
| -- | 1 |
| -- | 0.00 |
| -- | ZESCO(05)09/C |
| -- | 3 |
| -- | AVAILABLE |
| -- | Aug 31, 2009 |
| -- | Z03004428 |
| -- | Zambiana Collection |
| 995 ## - | |
| -- | SPECIAL COLLECTIONS |
| -- | 0.00 |
| -- | 03004384 |
| -- | CBU-MAIN LIBRARY (Kitwe) |
| -- | 1 |
| -- | 0.00 |
| -- | ZESCO(05)09/A |
| -- | 1 |
| -- | AVAILABLE |
| -- | Aug 11, 2009 |
| -- | Z03004384 |
| -- | Zambiana Collection |
| 999 ## - | |
| -- | 83440 |
| -- | 83440 |
| Withdrawn status | Lost status | Source of classification or shelving scheme | Damaged status | Not for loan | Permanent Location | Current Location | Shelving location | Date acquired | Total Checkouts | Full call number | Barcode | Date last seen | Copy number | Price effective from | Koha item type |
|---|---|---|---|---|---|---|---|---|---|---|---|---|---|---|---|
| CBU-MAIN LIBRARY, KITWE. | CBU-MAIN LIBRARY, KITWE. | 10/30/2023 | ZESCO(05)09B | Z03004427 | 10/30/2023 | 1 | 10/30/2023 | SPECIAL COLLECTION | |||||||
| CBU-MAIN LIBRARY, KITWE. | CBU-MAIN LIBRARY, KITWE. | 10/30/2023 | ZESCO(05)09C | Z03004428 | 10/30/2023 | 2 | 10/30/2023 | SPECIAL COLLECTION | |||||||
| CBU-MAIN LIBRARY, KITWE. | CBU-MAIN LIBRARY, KITWE. | 10/30/2023 | ZESCO(05)09A | Z03004384 | 10/30/2023 | 3 | 10/30/2023 | SPECIAL COLLECTION |